000 00848nam a2200277Ia 4500
003 OSt
005 20220918165709.0
006 a|||||r|||| 00| 0
007 ta
008 220917b |||||||| |||| 00| 0 eng d
020 _a817036129X (pbk)
_c450
024 _a240,474
037 _b04926, 18/09/2009, Atlantic Publisher & Dist.Pvt.Ltd.
_cTextual
040 _aARTS
_cARTS
_beng
041 _2eng
_aeng
082 _aX:9b3, N0
100 _aLynton Rolf P.
_925174
245 0 _aTraining for development
250 _a2nd
260 _aNew Delhi
_bVistaar Publications India
_c1990
300 _axxviii, 333p.
_ccm.
650 _aECONOMICS
700 _a Pareek Udai
_913947
942 _hX:9b3, N0
_cTEXL
_2CC
999 _c130758
_d130758